Использование OC Windows CE 5.0 и исполнительной системы САРГОН-СЕ в промышленных контроллерах МФК и КРОСС-500; Промышленные АСУ и контроллеры; № 4

Bibliografske podrobnosti
Parent link:Промышленные АСУ и контроллеры: ежемесячный научно-технический производственный журнал.— , 2002-
№ 4.— 2006.— С. 32-33
Glavni avtor: Игнатьев А. С.
Drugi avtorji: Кауфман И. Х., Менделевич В. А.
Jezik:ruščina
Izdano: 2006
Serija:Математическое обеспечение
Teme:
Format: Book Chapter
KOHA link:https://koha.lib.tpu.ru/cgi-bin/koha/opac-detail.pl?biblionumber=401101

MARC

LEADER 00000naa2a2200000 4500
001 401101
005 20231101065508.0
035 |a (RuTPU)RU\TPU\prd\44078 
090 |a 401101 
100 |a 20060613a2006 k y0rusy50 ca 
101 0 |a rus 
102 |a RU 
200 1 |a Использование OC Windows CE 5.0 и исполнительной системы САРГОН-СЕ в промышленных контроллерах МФК и КРОСС-500  |f А. С. Игнатьев, И. Х. Кауфман, В. А. Менделевич 
225 1 |a Математическое обеспечение 
461 0 |0 (RuTPU)RU\TPU\prd\2287  |t Промышленные АСУ и контроллеры  |o ежемесячный научно-технический производственный журнал  |d 2002- 
463 0 |0 (RuTPU)RU\TPU\prd\43562  |t № 4  |v С. 32-33  |d 2006 
610 1 |a программное обеспечение 
610 1 |a исполнительная система САРГОН-СЕ 
610 1 |a промышленные контроллеры 
610 1 |a OC Windows CE 5.0 
610 1 |a описание 
610 1 |a специальные загрузочные модули 
610 1 |a быстродействие 
610 1 |a утилиты ФБПО 
610 1 |a модули УСО 
610 1 |a удаленное тестирование 
610 1 |a Web-интерфейс управления 
610 1 |a промышленные внедрения 
700 1 |a Игнатьев  |b А. С. 
701 1 |a Кауфман  |b И. Х. 
701 1 |a Менделевич  |b В. А. 
801 1 |a RU  |b 63413507  |c 20060613  |g PSBO 
942 |c BK